| 000 | 00507nam a22001817a 4500 | ||
|---|---|---|---|
| 003 | NUST - PNEC | ||
| 005 | 20170116180804.0 | ||
| 008 | 150421b xxu||||| |||| 00| 0 eng d | ||
| 020 | _a3790800872 | ||
| 040 | _cLIBRARY | ||
| 082 | _a332.COO | ||
| 100 |
_92856 _a Cooper, Russel; |
||
| 245 |
_aFrontiers of Broadband, Electronic and Mobile Commerce _cRussel Cooper |
||
| 260 |
_aNew York _bPhysica Verlag _cc2004. |
||
| 300 | _a340p. : | ||
| 650 |
_92857 _acommunication systems _xAS |
||
| 942 |
_2ddc _cBK |
||
| 999 |
_c63129 _d63129 |
||